00346nam a2200145Ia 4500008004100000020001500041041001200056082001100068100001400079245002300093250000800116260004900124300000800173650001900181221030s9999 xx 000 0 und d a8122418341 aEnglish a105.23 aG. S. Rao 0aNumerical Analysis a3rd bNew Age International Pub.aNew Delhic2006 a322 aBB Mathematics